<?xml version="1.0" encoding="UTF-8"?><?xml-stylesheet type="text/xsl" href="static/style.xsl"?><OAI-PMH xmlns="http://www.openarchives.org/OAI/2.0/" xmlns:xsi="http://www.w3.org/2001/XMLSchema-instance" xsi:schemaLocation="http://www.openarchives.org/OAI/2.0/ http://www.openarchives.org/OAI/2.0/OAI-PMH.xsd"><responseDate>2026-04-13T00:51:38Z</responseDate><request verb="GetRecord" identifier="oai:www.recercat.cat:2072/475416" metadataPrefix="marc">https://recercat.cat/oai/request</request><GetRecord><record><header><identifier>oai:recercat.cat:2072/475416</identifier><datestamp>2024-11-21T02:21:35Z</datestamp><setSpec>com_2072_98</setSpec><setSpec>col_2072_378192</setSpec></header><metadata><record xmlns="http://www.loc.gov/MARC21/slim" xmlns:dcterms="http://purl.org/dc/terms/" xmlns:xsi="http://www.w3.org/2001/XMLSchema-instance" xmlns:doc="http://www.lyncode.com/xoai" xsi:schemaLocation="http://www.loc.gov/MARC21/slim http://www.loc.gov/standards/marcxml/schema/MARC21slim.xsd">
   <leader>00925njm 22002777a 4500</leader>
   <datafield ind2=" " ind1=" " tag="042">
      <subfield code="a">dc</subfield>
   </datafield>
   <datafield ind2=" " ind1=" " tag="720">
      <subfield code="a">Bartolomé, Jordi</subfield>
      <subfield code="e">author</subfield>
   </datafield>
   <datafield ind2=" " ind1=" " tag="720">
      <subfield code="a">Moran, Fernando</subfield>
      <subfield code="e">author</subfield>
   </datafield>
   <datafield ind2=" " ind1=" " tag="720">
      <subfield code="a">Kemp, Yvonne JM</subfield>
      <subfield code="e">author</subfield>
   </datafield>
   <datafield ind2=" " ind1=" " tag="720">
      <subfield code="a">Hajra, Munir</subfield>
      <subfield code="e">author</subfield>
   </datafield>
   <datafield ind2=" " ind1=" " tag="720">
      <subfield code="a">Gort Esteve, Araceli</subfield>
      <subfield code="e">author</subfield>
   </datafield>
   <datafield ind2=" " ind1=" " tag="720">
      <subfield code="a">Cassinello Roldán, Jorge</subfield>
      <subfield code="e">author</subfield>
   </datafield>
   <datafield ind2=" " ind1=" " tag="260">
      <subfield code="c">2024</subfield>
   </datafield>
   <datafield ind2=" " ind1=" " tag="520">
      <subfield code="a">Altres ajuts: acords transformatius de la UAB</subfield>
   </datafield>
   <datafield ind2=" " ind1=" " tag="520">
      <subfield code="a">At the end of 2020, 18 European bison (Bison bonasus) were introduced to El Encinarejo estate, in the south of the Iberian Peninsula. This hunting-oriented estate has 956 hectares of dehesa, Mediterranean forest and scrubland in which about 400 red deer (Cervus elaphus) and 200 fallow deer (Dama dama) coexist with the bison. To know how trophic resources are used by these herbivore species, faecal samples were collected during the year 2021. The microhistological analysis technique was used to determine the percentage of epidermal fragments of the main functional groups (woody plants, graminoids, legumes and forbs) in each sample. The results showed significant differences between animal species and seasons of the year. Globally, woody plants are preferentially consumed in autumn and winter, graminoids in summer and legumes and forbs in spring. The woody component was the most abundant in the diet of the three species, accounting for 81% of the plant fragments present in red deer faeces, 52% in bison and 38% in fallow deer. This is the first study describing the dietary use of Pistacia lentiscus by European bison, the substantial use throughout all seasons indicates it as a very important diet source. In addition, the interspecific comparison showed that the bison significantly consumed more graminoids (21%), whereas legumes were more present in fallow deer diet (32%). Finally, red deer consumed less forbs than the other two species (8%). It is concluded that there is a certain distribution of trophic resources between the three species that may facilitate their coexistence.</subfield>
   </datafield>
   <datafield tag="653" ind2=" " ind1=" ">
      <subfield code="a">Dehesa</subfield>
   </datafield>
   <datafield tag="653" ind2=" " ind1=" ">
      <subfield code="a">Herbivory</subfield>
   </datafield>
   <datafield tag="653" ind2=" " ind1=" ">
      <subfield code="a">Microhistological analysis</subfield>
   </datafield>
   <datafield tag="653" ind2=" " ind1=" ">
      <subfield code="a">Rewilding</subfield>
   </datafield>
   <datafield tag="653" ind2=" " ind1=" ">
      <subfield code="a">Trophic ecology</subfield>
   </datafield>
   <datafield ind2="0" ind1="0" tag="245">
      <subfield code="a">Diet comparison between sympatric European bison, red deer and fallow deer in a Mediterranean landscape</subfield>
   </datafield>
</record></metadata></record></GetRecord></OAI-PMH>